Manual de administración de empresas agropecuarias /

Сохранить в:
Библиографические подробности
Главный автор: Guerra, Guillermo (autor)
Формат:
Язык:испанский
Опубликовано: San José, Costa Rica : IICA, 1980, c1980
Серии:(Libros y Materiales Educativos ; 30)
Предметы:
Метки: Добавить метку
Нет меток, Требуется 1-ая метка записи!

MARC

LEADER 00000nam^a2200000^a^4500
001 000142957
005 20250521000000.0
009 20260310095707.332
037 |a Acervo ITESO - Biblioteca 
041 |a ESP 
082 |a 658. 91630  |b GUE 
100 |a Guerra, Guillermo  |e (autor) 
245 1 0 |a Manual de administración de empresas agropecuarias /  |c G. Guerra ; pról. de José Emilio G. Araujo. 
264 4 |a San José, Costa Rica :  |b IICA,  |c 1980, c1980 
300 |a XX, 352 p. 
336 |a texto  |b txt  |2 rdacontenido 
337 |a sin mediación  |b n  |2 rdamedio 
338 |a volumen  |b nc  |2 rdasoporte 
440 1 |a (Libros y Materiales Educativos ;  |v 30) 
649 |a XX 
650 |a Proceso de Producción 
650 |a Planeación Estratégica 
650 |a Toma de Decisiones 
650 |a Costos de Operación 
650 |a Contabilidad de Costos 
650 |a Presupuesto 
650 |a Contabilidad Financiera 
650 |a Contabilidad 
650 |a Planeación Administrativa 
650 |a Proceso Administrativo -  |x Dirección 
650 |a Industria Agropecuaria -  |x Administración 
650 |a Empresas -  |x Administración 
650 |a Ciencias Administrativas 
910 |a Fondo General 
920 |a Impresos - Libros 
930 |a Colección General 
905 |a 101 
901 |a 0500071535  |b IT1  |c ACC  |u 20250521 
902 |a https://opac.biblio.iteso.mx/vufind/Record/000142957